000 00619nam a2200217 a 4500
999 _c5749
_d5749
003 PK-NaQUE
005 20260330131659.0
008 260330b ||||| |||| 00| 0 eng d
020 _a0131140809 (hardcover)
020 _a9780131140806 (hardcover)
040 _cQUEST
100 1 _aFloyd, Thomas L.
245 1 0 _aElectronic Devices
250 _a6th ed.
260 _a[S.l.] :
_bPrentice Hall,
_c2006.
300 _a992 p. ;
650 _aElectronic apparatus and appliances.
650 _aSolid state electronics.
856 _uhttp://10.10.170.122:8080/browse/book/25609
_yDownload eBook
942 _cBK
_2ddc